Central Library OPAC University of Rajshahi

César Birotteau / (Record no. 24223)

MARC details
000 -LEADER
fixed length control field 00666nam a22002531 4500
001 - CONTROL NUMBER
control field 24223
003 - CONTROL NUMBER IDENTIFIER
rucl marc code BD-RjUL
005 - DATE AND TIME OF LATEST TRANSACTION
control field 20211209001025.0
008 - FIXED-LENGTH DATA ELEMENTS--GENERAL INFORMATION
fixed length control field 140312s1896 mau 000 1 eng
035 ## - SYSTEM CONTROL NUMBER
System control number (BD-RjUL)24289
System control number (OCoLC)4292120
040 ## - CATALOGING SOURCE
Original cataloging agency DLC
Transcribing agency FTaSU
Modifying agency FTaSU
-- DLC
-- BD-RjUL
Language of cataloging eng
041 1# - LANGUAGE CODE
Language code of text/sound track or separate title engfre
082 ## - DEWEY DECIMAL CLASSIFICATION NUMBER
Classification number 843
Author mark and year BAC 1896
100 1# - MAIN ENTRY--PERSONAL NAME
Personal name Balzac, Honoré de,
Dates associated with a name 1799-1850.
9 (RLIN) 74615
245 10 - TITLE STATEMENT
Title César Birotteau /
Statement of responsibility, etc. Honoré de Balzac
250 ## - EDITION STATEMENT
Edition statement Cax. ed.
260 ## - PUBLICATION, DISTRIBUTION, ETC. (IMPRINT)
Place of publication, distribution, etc. London :
Name of publisher, distributor, etc. Caxton,
Date of publication, distribution, etc. 1886.
300 ## - PHYSICAL DESCRIPTION
Pagination 449 p. ;
Size 20 cm.
650 #0 - SUBJECT ADDED ENTRY--TOPICAL TERM
Topical term or geographic name as entry element French fiction
9 (RLIN) 74616
942 ## - ADDED ENTRY ELEMENTS (KOHA)
Source of classification or shelving scheme Dewey Decimal Classification
Koha item type Books
Holdings
Lost status Source of classification or shelving scheme Damaged status Not for loan Collection code Permanent Location Current Location Shelving location Date acquired Source of acquisition Cost, normal purchase price Total Checkouts Full call number Date last seen Copy number Koha item type
  Dewey Decimal Classification   Added to bundle Fiction Central Library, University of Rajshahi Central Library, University of Rajshahi Reading Room 20/11/1956 B. H. Blackwell 10.10   843 BAC 1896 12/03/2014 C-1 Books